| 000 | 01052nam0a22002651 4500 | ||
|---|---|---|---|
| 001 | rc\4985275 | ||
| 005 | 20250613062251.0 | ||
| 021 |
_aRU _b[61-71692] |
||
| 035 | _a(NLR Aleph) 008984380 | ||
| 090 |
_a9206314 _c9206314 |
||
| 100 | _a20130430d1961 |||y0rusy50 ca | ||
| 101 | 0 | _arus | |
| 102 | _aRU | ||
| 105 | _ay i ||||| | ||
| 200 | 1 |
_aСводка и группировка статистических материалов _eУчеб. пособие по общей теории статистики _fМ-во высш. и сред. спец. образования РСФСР. Всесоюз. заоч. фин.-экон. ин-т |
|
| 210 |
_aМосква _cБ. и. _d1961 |
||
| 215 |
_a48 с. _d22 |
||
| 300 | _aПеред загл. авт.: проф. Н.Н. Ряузов | ||
| 608 |
_aСтатистика _jПособия заочные _2psbo |
||
| 700 | 1 |
_aРяузов _bН.Н. _f1907- _gНиколай Николаевич |
|
| 801 | 0 |
_aRU _bNLR _gpsbo |
|
| 801 | 1 |
_aRU _bELAR _2rusmarc |
|
| 852 |
_aNLR _j61-6/9350 |
||
| 942 | _cBOOK | ||
| 980 | _aNB | ||